Don Bosco Technical Institute of Makati
Library and Learning Resource Center
Online Public Access Catalog (OPAC)
Normal view MARC view

Entry Topical Term

Number of records used in: 1

001 - CONTROL NUMBER

  • control field: 17798

003 - CONTROL NUMBER IDENTIFIER

  • control field: OSt

005 - DATE AND TIME OF LATEST TRANSACTION

  • control field: 20200302104737.0

008 - FIXED-LENGTH DATA ELEMENTS

  • fixed length control field: 200302|| aca||aabn | a|a d

040 ## - CATALOGING SOURCE

  • Original cataloging agency: OSt
  • Transcribing agency: OSt

150 ## - HEADING--TOPICAL TERM

  • Topical term or geographic name entry element: Treasure Island (imaginary place).

670 ## - SOURCE DATA FOUND

  • Source citation: Work cat.: (OSt): Stevenson, Robert Louis 17797, Treasure Island / , 2017

Copyright 2017, Don Bosco Technical Institute of Makati, Inc. All Rights Reserved.
In partnership with: Nephila Web Technology, Inc.